| 000 | 00448nam a2200181Ia 4500 | ||
|---|---|---|---|
| 008 | 230711s9999||||xx |||||||||||||| ||und|| | ||
| 020 | _a978-81-775-8957-3 | ||
| 041 | _aENG | ||
| 082 |
_a547 _bFU-O |
||
| 100 | _aFurniss,Brain S | ||
| 245 | 0 | _aVogel's textbook of practical organic Chemistry | |
| 250 | _a5th . Ed. | ||
| 260 |
_c2011 _aNew Delhi _bPearson |
||
| 300 | _a1493 | ||
| 650 | _aChemistry | ||
| 700 | _aHannaford,Antony J | ||
| 942 | _cBK | ||
| 999 |
_c113 _d113 |
||